000 01161nam a2200313 i 4500
001 000005085
003 DO-SdBNP
005 20251210111112.0
007 ta
008 090729s1997 dr a r 000 0 spa d
040 _aDO-SdBNP
_bspa
_cBNPHU
_erda
041 _aspa
082 4 _a343.0962
_bF745d
_222
111 2 _aForum "Derecho Marítimo y del Mar"
_n(2:
_d1996 :
_cSanto Domingo, República Dominicana)
_914602
245 1 0 _aDerecho marítimo y del mar.
264 1 _aSanto Domingo :
_bCRMJ,
_c1997.
300 _a248 páginas :
_bilustraciones ;
_c22 cm.
336 _atexto
_btxt
_2rdacontent
337 _asin mediación
_bn
_2rdamedia
338 _avolumen
_bnc
_2rdacarrier
490 1 _aColección Forum Permanente
500 _aIncluye referencias bibliográficas y notas al pie de las páginas
590 _aInventariado, 2018/VM
650 0 _aDerecho marítimo
_zRepública Dominicana
_99352
650 0 _aDerecho marítimo
_xCongresos, conferencias, etc.
_99352
710 1 _aRepública Dominicana.
_bComisionado para la Reforma y Modernización de la Justicia
_914604
910 _aValidado. Control de calidad. MMOLINA
942 _2ddc
_cLBS1
999 _c4889
_d4889